Los clásicos según fontanarrosa /

Guardado en:
Autor Principal: Fontanarrosa, Roberto
Formato: Libro
Publicado: Buenos Aires : De La Flor, 2008
Edición:7a. ed.
Materias:
Etiquetas: Agregar Etiqueta
Sin Etiquetas, Sea el primero en etiquetar este registro!
LEADER 00761nam a22002655a 4500
001 CEM.cems012950
008 130507s2008##################000#0#####d
005 20211110172447.0
003 CEMS
245 1 0 |a Los clásicos según fontanarrosa /  |c Roberto Fontanarrosa 
250 |a 7a. ed. 
260 |a Buenos Aires :  |b  De La Flor,  |c 2008 
300 |a 96 p. 
590 |a 1137.013 
020 |a 9789505156283 
100 1 |a Fontanarrosa, Roberto 
082 0 4 |a A867.4 
653 |a Literatura 
653 |a Literatura argentina 
653 |a Historieta 
653 |a Historieta argentina 
653 |a Humor 
653 |a Biblioteca TC 
859 |a CEMS  |b BIB. CEMS - 11 de abril  |h A867.4  |i F734  |p 25247.08  |t Ej.1 
859 |a CEMS  |b BIB. CEMS - 11 de abril  |h TC  |p 1137.013  |t Ej.2